000 00599nam a22001817a 4500
005 20251108172955.0
008 250721s2003 xx 000 0 ara d
082 1 4 _a616.44/ جاد
100 1 _aجادالله، فضيلة
245 1 0 _aالغدة الدرقية : دينامو الطاقة ... النشاط ... و النمو /
264 1 _aالقاهرة :
_bدار الهلال،
_c2003.
300 _a158ص.
490 0 _aكتاب الهلال الطبي
_v38
650 1 7 _aأمراض الغدد الصماء
650 1 7 _aالغدة الدرقية
942 _2ddc
_cBK
999 _c93123
_d93123